000 00527nam a22001817a 4500
005 20150423145010.0
010 _aENG-112375
020 _a9788170545811
_c300.00
035 _aEN-95907
037 _bDBAD/PUB
082 _a641.3
100 _aAnnapurna, K.
245 _aFood and nutrition /
_cby K. Annapurna
260 _aNew Delhi
_bClassical Publishing
_c2012
270 _a28, Shopping Centre, Karampura,
_bNew Delhi
_e110015
300 _axviii,112p.
_c22cm(Hb)
942 _2ddc
_cEN
_mANN
_h641.3
999 _c92252
_d92252